| 000 | 00355nam a2200121Ia 4500 | ||
|---|---|---|---|
| 008 | 180730s9999||||xx |||||||||||||| ||und|| | ||
| 082 |
_a341.65 _bICR/E |
||
| 100 | _aICRC | ||
| 245 | 0 | _aExploring Humanitarian Law: Guidelines for Experimentation and Evoluion | |
| 260 |
_aNew Delhi _bInternational Committee of the Red Cross _c2009 |
||
| 300 | _a54 | ||
| 942 | _cBK | ||
| 999 |
_c985 _d985 |
||